| 000 | 00831nam a22002417a 4500 | ||
|---|---|---|---|
| 005 | 20081020163030.0 | ||
| 008 | 081020t xxu||||| |||| 00| 0 eng d | ||
| 010 | _aENG-84173 | ||
| 020 | _a8176781487 | ||
| 020 | _c495.00 (hb) | ||
| 035 | _aEN-67706 | ||
| 082 | _a362.1 | ||
| 100 | _aK Jamaluddin | ||
| 245 |
_aEconomics of health in India / _cby K Jamaluddin, M Muzammil and Hem Chandra |
||
| 260 |
_aLucknow _bBhart Book Centre |
||
| 260 | _c2006 | ||
| 300 |
_axvii,285p _c22cm |
||
| 500 | _aIncludes bibliographical references and index | ||
| 700 |
_aChandra, Hem _cjt auth |
||
| 700 |
_aM MUzammil _cjt auth |
||
| 942 |
_2ddc _cEN _h362.1 _mJAM |
||
| 999 |
_c17135 _d17135 |
||